000 00567nam1a22002051i 4500
001 rc\2820157
005 20240726060032.0
035 _a(NLR Aleph) 006978610
090 _a5509061
_c5509061
100 _a20110621g19281931|||y0rusy50 ca
101 0 _arus
102 _aRU
105 _ay z |||||
200 1 _aБиблиотека техника
_eТ. Сер. 14
_e№№ X-1-7
210 _aМосква
_cГос. техн. изд-во
_d1928-1931
215 _a5 т.
801 0 _aRU
_bNLR
_gpsbo
801 1 _aRU
_bELAR
_2rusmarc
852 _aNLR
_j55/477(1-5)
942 _cBOOK